000
00212nam a22000857a 4500
008
170128b xxu||||| |||| 00| 0 eng d
100
_9
2623
_a
Chandra.R.
245
_a
Mathematics-IX
260
_a
New Delhi
_b
Mcmillan
_c
2011
999
_c
5765
_d
5765